Online Catalogue and eLibrary

Political violence in Sri Lanka : (Record no. 437)

MARC details
000 -LEADER
fixed length control field 00553cam a2200193 a 4500
001 - CONTROL NUMBER
control field 11822512
005 - DATE AND TIME OF LATEST TRANSACTION
control field 20240220054653.0
008 - FIXED-LENGTH DATA ELEMENTS--GENERAL INFORMATION
fixed length control field 990702s1998 ce b 000 0 eng
020 ## - INTERNATIONAL STANDARD BOOK NUMBER
ISBN 9559052535
040 ## - CATALOGING SOURCE (பட்டியலாக்க மூலம்)
Original cataloging agency DLC
Transcribing agency DLC
Modifying agency DLC
082 00 - DDC Classification
Class No. 320.9.
DDC Edition Number 21
Item Number - Author Mark POL.
100 1# - MAIN ENTRY--PERSONAL NAME
Personal name Perera, Sasanka.
245 10 - TITLE STATEMENT
Title Political violence in Sri Lanka :
Remainder of title dynamics, consequences, and issues of democratization /
Statement of responsibility, etc. Sasanka Perera.
250 ## - EDITION STATEMENT
Edition statement 1st.
260 ## - PUBLICATION, DISTRIBUTION, ETC.
Place of publication, distribution, etc. Colombo :
Name of publisher, distributor, etc. Centre for Women's Research,
Date of publication, distribution, etc. 1998.
300 ## - PHYSICAL DESCRIPTION
Extent (e.g. Volumes, Pages etc.) 100 p. ;
650 #0 - SUBJECT ADDED ENTRY--TOPICAL TERM
Topical term or geographic name entry element Violence
942 ## - Koha item type (Biblio)
Koha item type Books in Stacks (Lending)
Holdings
Lost status Damaged status Collection code Home library Current library Date acquired Full call number Accession Number Item type
    Lending WERC Library WERC Library 02/20/2024 320.9. POL. 2740 Books in Stacks (Lending)

© WERC Library